Statistics for Camouflaged Capital Cities #3

Click here to take the quiz!

General Stats

  • This quiz has been taken 37 times
  • The average score is 7 of 10

Answer Stats

HintCapital% Correct
While holidaying in sunny Jamaica I robbed a bank at gunpointCairo
100%
I will stay at this hotel on Donald Trump's recommendationLondon
92%
Othello died at the hands of the villainous and unpleasant IagoSantiago
77%
I urged the courtesan to do Ming or Yuan dynasty researchSanto Domingo
77%
It is highly inadvisable and stupid to slap a zebra in the faceLa Paz
69%
I'm not sure that networks can air obituaries on live televisionNairobi
69%
The Pakistani cricket season's final match is in AugustChișinău
50%
The barber nicked my chin with his razor, and I bled profuselyBern
46%
In Mali, long weekends are a luxury no one can affordLilongwe
46%
Why do you have to be such a noisy bunch of children today?Hanoi
35%

Score Distribution

Percentile by Number Answered

Percent of People with Each Score

Your Score History

You have not taken this quiz